|
|
|
|
| LEADER |
00000nam a2200000 a 4500 |
| 001 |
vtls010299478 |
| 003 |
SK-MaSNL |
| 005 |
20260301031950.0 |
| 008 |
240318s2010 xxkha f 001 0 eng |
| 020 |
|
|
|a 9781405124126
|q (viaz.)
|
| 040 |
|
|
|a SNK
|b slo
|c SNK
|e AACR2
|
| 041 |
0 |
|
|a eng
|
| 043 |
|
|
|a e------
|
| 044 |
|
|
|a xxk
|a xxu
|c GB
|c US
|
| 072 |
|
7 |
|a 01
|x Bibliografia. Katalógy
|2 konspekt
|
| 072 |
|
7 |
|a 930
|x Historická veda. Pomocné vedy historické. Archívnictvo
|2 konspekt
|
| 080 |
|
|
|a 01:001.81
|2 2001
|
| 080 |
|
|
|a 014-026.452
|2 2001
|
| 080 |
|
|
|a 930.2:091.14
|2 2001
|
| 080 |
|
|
|a 08/09:930
|2 2001
|
| 080 |
|
|
|a 025.135
|2 2001
|
| 080 |
|
|
|a 025.3/.4:091
|2 2001
|
| 080 |
|
|
|a 025.3/.4:094/099
|2 2001
|
| 080 |
|
|
|a 091(4)
|2 2001
|
| 080 |
|
|
|a 094
|2 2001
|
| 080 |
|
|
|a 316.774+808.5
|2 2001
|
| 080 |
|
|
|a (4)
|2 2001
|
| 080 |
|
|
|a (0.062)
|2 2001
|
| 100 |
1 |
|
|a Bland, Mark
|4 aut
|9 328387
|
| 245 |
1 |
0 |
|a A guide to early printed books and manuscripts
|c Mark Bland
|
| 250 |
|
|
|a 1st publ.
|
| 260 |
|
|
|a Chichester
|a Malden, MA
|b Wiley-Blackwell
|c 2010
|
| 300 |
|
|
|a x, 236 s.
|b faks., ilustr.
|c 24 cm
|
| 504 |
|
|
|a Bibliogr. odkazy ; bibliogr. s. [219]-229 ; reg.
|
| 648 |
|
7 |
|a 16.-17. storočie
|2 SNK
|9 328388
|
| 648 |
|
7 |
|a 16th-17th century
|2 SNKPHeng
|9 328389
|
| 650 |
0 |
7 |
|a bibliografická metodológia
|2 SNKPH
|9 97799
|
| 650 |
0 |
7 |
|a retrospektívna bibliografia
|2 SNKPH
|9 63970
|
| 650 |
0 |
7 |
|a kodikológia
|2 SNKPH
|9 71511
|
| 650 |
0 |
7 |
|a knihoveda
|2 SNKPH
|9 68931
|
| 650 |
0 |
7 |
|a typológia dokumentov
|2 SNKPH
|9 63849
|
| 650 |
0 |
7 |
|a katalogizácia rukopisov
|2 SNKPH
|9 256325
|
| 650 |
0 |
7 |
|a katalogizácia starých tlačí
|2 SNKPH
|9 89880
|
| 650 |
0 |
7 |
|a európske rukopisy
|2 SNKPH
|9 125025
|
| 650 |
0 |
7 |
|a staré tlače
|z Európa
|y 16.-17. stor.
|2 SNKPH
|9 328390
|
| 650 |
0 |
7 |
|a textová transmisia
|z Európa
|y 16.-17. stor.
|2 SNKPH
|9 328391
|
| 650 |
0 |
7 |
|a Methodology of bibliography
|2 SNKPHeng
|9 328392
|
| 650 |
0 |
7 |
|a Retrospective bibliography
|2 SNKPHeng
|9 328393
|
| 650 |
0 |
7 |
|a Codicology
|2 SNKPHeng
|9 328394
|
| 650 |
0 |
7 |
|a bibliology
|2 SNKPHeng
|9 328395
|
| 650 |
0 |
7 |
|a Typology of documents
|2 SNKPHeng
|9 328396
|
| 650 |
0 |
7 |
|a Cataloging of manuscripts
|2 SNKPHeng
|9 328397
|
| 650 |
0 |
7 |
|a Cataloging of old prints
|2 SNKPHeng
|9 328398
|
| 650 |
0 |
7 |
|a European manuscripts
|2 SNKPHeng
|9 328399
|
| 650 |
0 |
7 |
|a Old prints
|z Europe
|y 16th-17th centuries
|2 SNKPHeng
|9 328400
|
| 650 |
0 |
7 |
|a Text transmission
|z Europe
|y 16th-17th centuries
|2 SNKPHeng
|9 328401
|
| 655 |
|
7 |
|a populárno-náučné publikácie
|2 SNKPH
|9 70460
|
| 655 |
|
7 |
|a Popular works
|2 SNKPHeng
|9 90287
|
| 919 |
|
|
|a 978-1-4051-2412-6
|
| 999 |
|
|
|c 577600
|d 579530
|
| 952 |
|
|
|a SNK
|b SNK
|y VYP
|7 0
|p 17A0720096
|o snkIC 139736
|i snk2011/20365
|8 4
|g 88.71
|0 0
|1 0
|4 0
|d 2011-08-10
|l 0
|r 2026-02-23 14:38:42
|w 2026-02-23
|
| 952 |
|
|
|a SNK
|b SNK
|y VYP
|7 0
|p 17A1040287
|o snkIC 139736 D1
|i snk2012/19986
|8 3
|g 107.50
|0 0
|1 1
|4 0
|d 2012-10-08
|l 0
|r 2026-02-23 14:38:42
|w 2026-02-23
|